000 01079cab a2200265 4500
001 WB3007-33
008 090401t1994 xxu||||| |||| 00| 0 eng d
035 _a(Sirsi) u71599
041 _aeng
245 _aJohn D Wood Commercial in liquidation
260 _c1994
350 _a0
490 _aEstates Gazette
_v(9406) 12 February 1994, 27(1)
520 _aJohn D Wood Commercial has gone into voluntary liquidation. Banque Bruxelles Lambert and Eagle Star are unlikely to recover the £16m damages awarded by the High Court for a negligent valuation. Banque Bruxelles Lambert and Eagle Star may now claim against JDW Commercial`s professional indemnity insurers Zurich Insurance under the Third Party Rights Act 1930.
650 _aBANQUE BRUXELLES LAMBERT
650 _aDAMAGES
650 _aEAGLE STAR
650 _aJOHN D WOOD COMMERCIAL
650 _aNEGLIGENT VALUATION
650 _aTHIRD PARTY RIGHTS ACT 1930
650 _aVOLUNTARY LIQUIDATION
690 _aMANAGEMENT-BUSINESS MANAGEMENT-PROFESSIONAL PRACTICE
942 _n0
948 _c04/03/1997
999 _c45162
_d45162